000 00671nam a2200265Ia 4500
005 20260302114347.0
008 008 260114s9999 xx 000 0 eng d
020 _a9798881811518
037 _aTextbook
040 _aCRL
040 _beng
040 _cCRL
041 _2eng
041 _aeng
084 _qCRL
100 _aPhilipp Valentini & Mahdi Tourage
_91118545
245 0 _aEsoteric Lacan
260 _bBloomsbury
260 _bRowman & Littlefield
260 _c2019
650 _aPhilosophy
856 _uhttps://doi.org/10.5040/9798881811518?locatt=label:secondary_bloomsburyCollections
942 _cEBOOK
999 _c1682270
_d1682270